000 00606cam5a220021700 4500
001 zam00002419
008 951128s1974 xx eng u
035 _a(Sirsi) r19784
035 _a(MACHINE)SLC.
100 _aGriffin, K.
_6A80804.1
245 1 4 _aThe political economy of agrarian change.
260 _c1974.
949 _aHD 1415
_wlcc
_mMAIN
_p2500
_tSHORTLOAN
_lSHORTLOAN
004 19784
591 _aClass code: EC 410.
591 _aCourse: Economic development.
591 _aSchool: S05.
591 _aLecturer: Mr. MWANZA, A.M.
591 _aNumber of Students: 105.
909 _aBook
999 _c8340
_d8340